Anh-Việt từ điển văn hóa văn minh Hoa Kỳ

Na minha lista:
Detalhes bibliográficos
Formato: online
Publicado em: 2008
Tags: Adicionar Tag
Sem tags, seja o primeiro a adicionar uma tag!
Thư viện lưu trữ: Mạng thư viện Đại học Đà Nẵng
LEADER 00692na a2200205 4500
001 000032177
003 8253
005 20151002091319.0
008 151002s2008 000
082 |a 423 
245 |a Anh-Việt từ điển văn hóa văn minh Hoa Kỳ  |c Nguyễn Ngọc Hùng 
260 |c 2008 
OWN |a LNN 
AVA |a UDN50  |b LNN  |d 423  |e available  |t Error 5001 Not defined in file expand_doc_bib_avail.  |f 1  |g 0  |h N  |i 0  |k 1 
999 |a From the UDN01 
AVA |a UDN50  |b LNN  |d 423  |e available  |t Error 5001 Not defined in file expand_doc_bib_avail.  |f 1  |g 0  |h N  |i 0  |k 1 
TYP |a Printed language 
980 |a Mạng thư viện Đại học Đà Nẵng